000 00649nam a22001695i 4500
001 154885
003 ES-MaACL
005 20230906205905.0
008 040715s1875 it |||| | ita d
040 _aCAM
_bspa
_cCAM
100 1 _aGuicciardini, Francesco (
_d1483-1540)
_9147512
245 1 0 _aIstoria d'Italia /
_cdi messer Francesco Guicciardini ; ridotta alla miglior lezione con le notizie della vita e delle opere dell'autore.
260 _aMilano :
_bEdoardo Sonzogno e,
_c1875.
300 _a4 v. (308; 407; 409; 320 p.) ;
_c17 cm.
651 4 _aItalia-
_xHistoria.
_98866
852 _aES-MaACL
_jG-10429-30
_z-- Enc. hol.
_z-- 4 t. en 2 v.
999 _c154885
_d154885